000 00984cam a2200253 4500
001 X113031
008 000000n2001 000 0 eng u
035 _a(Sirsi) u113031
100 _aDonellan, M.
245 _aRights and responsibilities
260 _c2001
490 _aHousing Today
_v(234) 17 May 2001, 16(1)
520 _aConsiders the implications of the High Court's ruling that RSLs may be public authorities under the Human Rights Act 1998 Sch 1 for some purposes, and that assured shorthold tenancies are not in themselves contrary to the Act.
650 _aASSURED SHORTHOLD TENANCIES
650 _aCONVENTION FOR THE PROTECTION OF HUMAN RIGHTS AND FUNDAMENTAL FREEDOMS ART 8
650 _aHUMAN RIGHTS ACT 1998
650 _aPUBLIC AUTHORITIES
650 _aTENANCIES
650 _aRSLS
650 _aHOMELESS
650 _aLOCAL COUNCILS
690 _aPROPERTY-RESIDENTIAL PROPERTY-RESIDENTIAL LANDLORD AND TENANT-RESIDENTIAL TENANCIES
942 _n0
999 _c67277
_d67277